<?xml version="1.0" encoding="UTF-8"?>
<record
    xmlns:xsi="http://www.w3.org/2001/XMLSchema-instance"
    xsi:schemaLocation="http://www.loc.gov/MARC21/slim http://www.loc.gov/standards/marcxml/schema/MARC21slim.xsd"
    xmlns="http://www.loc.gov/MARC21/slim">

  <leader>01183nam a2200241 a 4500</leader>
  <controlfield tag="001">1390</controlfield>
  <controlfield tag="003">BR-CuiBMT</controlfield>
  <controlfield tag="005">20231206184938.0</controlfield>
  <controlfield tag="008">231205s2003    msba          000 0 por d</controlfield>
  <datafield tag="040" ind1=" " ind2=" ">
    <subfield code="a">BR-CuiBMT</subfield>
    <subfield code="c">BR-CuiBMT</subfield>
  </datafield>
  <datafield tag="080" ind1=" " ind2=" ">
    <subfield code="a">328</subfield>
    <subfield code="x">(817.2)</subfield>
    <subfield code="2">2007</subfield>
  </datafield>
  <datafield tag="090" ind1=" " ind2=" ">
    <subfield code="a">328(817.2)</subfield>
    <subfield code="b">M433</subfield>
  </datafield>
  <datafield tag="245" ind1="0" ind2="0">
    <subfield code="a">Mato Grosso :</subfield>
    <subfield code="b">139 munic&#xED;pios : prefeitos e vereadores no in&#xED;cio do s&#xE9;culo XXI : 2001 - 2004 /</subfield>
    <subfield code="c">[organizador] Nilson Feitosa ; [fotografia Miguel Pal&#xE1;cius].</subfield>
  </datafield>
  <datafield tag="260" ind1=" " ind2=" ">
    <subfield code="a">Campo Grande :</subfield>
    <subfield code="b">Nar&#xE7;ay e Silva,</subfield>
    <subfield code="c">2003.</subfield>
  </datafield>
  <datafield tag="300" ind1=" " ind2=" ">
    <subfield code="a">70 p. :</subfield>
    <subfield code="b">il., color. ;</subfield>
    <subfield code="c">24x32 cm</subfield>
  </datafield>
  <datafield tag="500" ind1=" " ind2=" ">
    <subfield code="a">Hist&#xF3;rico das 139 cidades matogrossenses ; fotos dos 1451 vereadores e 139 prefeitos/vices ; 03 senadores - 08 deputados federais - 24 deputados estaduais secret&#xE1;rios de estado  - Conselheiros TC - Desembargadores TJ ; Lei de Responsabilidade fiscal e suas finalidades ; n&#xFA;meros de votos e partido dos eleitos em outubro 2000.</subfield>
  </datafield>
  <datafield tag="504" ind1=" " ind2=" ">
    <subfield code="a">Inclui bibliografia.</subfield>
  </datafield>
  <datafield tag="650" ind1=" " ind2=" ">
    <subfield code="a">Representa&#xE7;&#xE3;o pol&#xED;tica</subfield>
    <subfield code="y">S&#xE9;culo XXI</subfield>
    <subfield code="z">Mato Grosso</subfield>
  </datafield>
  <datafield tag="650" ind1=" " ind2=" ">
    <subfield code="a">Pol&#xED;ticos mato-grossense</subfield>
    <subfield code="x">Fotos</subfield>
    <subfield code="y">S&#xE9;culo XXI</subfield>
  </datafield>
  <datafield tag="700" ind1="1" ind2=" ">
    <subfield code="a">Feitosa, Nilson</subfield>
    <subfield code="4">org.</subfield>
  </datafield>
  <datafield tag="700" ind1="1" ind2=" ">
    <subfield code="a">Pal&#xE1;cius, Miguel </subfield>
    <subfield code="e">fot&#xF3;grafo</subfield>
  </datafield>
  <datafield tag="942" ind1=" " ind2=" ">
    <subfield code="2">udc</subfield>
    <subfield code="c">LV</subfield>
  </datafield>
  <datafield tag="999" ind1=" " ind2=" ">
    <subfield code="c">1390</subfield>
    <subfield code="d">1390</subfield>
  </datafield>
</record>
